| 000 | nam a22 7a 4500 | ||
|---|---|---|---|
| 999 |
_c28991 _d28991 |
||
| 008 | 170901b xxu||||| |||| 00| 0 eng d | ||
| 050 | _a PR 6011 .F67 1940 | ||
| 100 | _aForester, C. S. | ||
| 245 |
_aThe African Queen/ _cC. S. Forester |
||
| 260 |
_aNew York: _bModern library, _c[1940] |
||
| 300 | _a5 preliminary leaves, 3-208, [1] pages 19 cm. | ||
| 650 | _aWorld War, 1914-1918 -- Africa, Central -- Fiction. | ||
| 650 | _aWomen missionaries -- Fiction. | ||
| 650 | _aAfrica, Central -- Fiction. | ||
| 942 |
_2lcc _cBOOKS _h PR 6011 .F67 1940 _01 |
||